|
|
|
|
| LEADER |
00000nam0a2200000 4500 |
| 001 |
160885 |
| 005 |
20231101222222.0 |
| 035 |
|
|
|a (RuTPU)RU\TPU\book\174478
|
| 090 |
|
|
|a 160885
|
| 100 |
|
|
|a 20090530d1945 m y0rusy50 ca
|
| 101 |
0 |
|
|a rus
|
| 102 |
|
|
|a RU
|
| 105 |
|
|
|a y z 010hy
|
| 200 |
1 |
|
|a Роль Академии Наук в историческом развитии органической химии
|e Речь на торжественном заседании Юбилейной сессии Академии Наук СССР
|f Н. Д. Зелинский
|
| 210 |
|
|
|a Москва
|c Изд-во Академии наук СССР
|d 1945
|a Ленинград
|
| 215 |
|
|
|a 15 с.
|
| 300 |
|
|
|a Печатается по постановлению Президиума Всесозного комитета по проведению 220-летия Академии Наук СССР. Подписано к печати 3.05.1945 г.; тираж 1500 экз.
|
| 606 |
1 |
|
|a Органическая химия
|x История
|2 stltpush
|3 (RuTPU)RU\TPU\subj\75461
|9 87225
|
| 610 |
1 |
|
|a история науки
|
| 610 |
1 |
|
|a Россия
|
| 610 |
1 |
|
|a СССР
|
| 610 |
1 |
|
|a 18 век
|
| 610 |
1 |
|
|a 19 век
|
| 610 |
1 |
|
|a 20 век
|
| 610 |
1 |
|
|a речи
|
| 675 |
|
|
|a 547(09)
|v 3
|
| 700 |
|
1 |
|a Зелинский
|b Н. Д.
|c российский химик-органик
|f 1861-1953
|g Николай Дмитриевич
|2 stltpush
|3 (RuTPU)RU\TPU\pers\1320
|9 592
|
| 801 |
|
1 |
|a RU
|b 63413507
|c 20090530
|g PSBO
|
| 801 |
|
2 |
|a RU
|b 63413507
|c 20160701
|g RCR
|
| 942 |
|
|
|c BK
|